| 000 | 00479nam a22001697a 4500 | ||
|---|---|---|---|
| 005 | 20140310183635.0 | ||
| 008 | 131126b xxu||||| |||| 00| 0 eng d | ||
| 050 |
_aHF 5635 _b.D362 2001 |
||
| 100 | _aDe Los Reyes, Delia J. | ||
| 245 |
_aEssentials of basic accounting / _cDelia J. De Los Reyes |
||
| 260 |
_aManila : _bInter-Campus Trading, _c2001. |
||
| 300 |
_a200 p. : _bill. ; _c28 cm. |
||
| 521 | _aBSA | ||
| 650 | _aAccounting. | ||
| 942 |
_2lcc _cBK _kLOC |
||
| 999 |
_c25697 _d25697 |
||